Movies Quiz

Random Movies or Clickable Quiz
Score 0/20 Timer 03:00
1 Play Today
% Correct
Sleepless
97.8%
Shakespeare
95%
The
93.8%
Eyes
93.2%
My
92.2%
Addams
91%
American
89.5%
She's
84%
Muppet
83.7%
Meet
83.5%
% Correct
Wag
83.3%
Single
82.2%
Out
81.7%
Glengarry
81.5%
The
80.7%
A
80.6%
One
79.5%
Léon
77.5%
Run
77.3%
Ernest
67.7%
Remove Ads.
Support Sporcle.
Get the best of Sporcle when you Go Orange. This ad-free experience offers more features, more stats, and more fun while also helping to support Sporcle. Thank you for becoming a member.

You're not logged in!

Compare scores with friends on all Sporcle quizzes.
OR
Log In

Show Comments

Extras

Top Quizzes Today


Score Distribution

Your Account Isn't Verified!

In order to create a playlist on Sporcle, you need to verify the email address you used during registration. Go to your Sporcle Settings to finish the process.

Report this User

Report this user for behavior that violates our Community Guidelines.

Details: